1312 1211 1055 1958 1192 1551 1700 1128 1401 1325 1456 1838 1392 1514 1912 1818 1019 1806 1087 1845 1867 1998 1411 1619 1838 1728 1830 1906 1175 1866 1748 1309 1712 1843 1880 1078 1083 1313 1201 1305 1877 1332 1598 1927 1658 1860 1476 1172 1285 1986 1703 1912 1140 1279 1156 1379 1618 1739 1949 1989 1458 1011 1017 1121 1199 1469 1171 1688 1606 1652 1552 1796 1743 1385 1200 1297 1222 1593 1493 1543 1821 1595 1393 1303 1249 1761 1987 1971 1090 1421 1730 1950 1027 1192 1256 1214 1748 1069 1091 BCNSPRNW ULIB Ver.6.0+V

เปลี่ยนเป็นภาษาไทย

Change to English
 แสดงรายละเอียดบรรณานุกรม
  กลับหน้าหลัก

Brief Record : Get Marc (ISO 2709) : E-mail record : QR code < ปิดหน้าต่าง
LEADER : 00000nam 2200000uu 4500
001    13399127086
003     ULIB
008    020711s2560 th a 000 0 tha d
020    ^a9786162321603
060    ^aWS103^bฌ-ค
100    ^aเฌอ
245    ^aคำสอนของพ่อ นิทานคำสอนของพ่อ (หลวง) ชุดที่ 1 เล่ม 1 (สองภาษา ไทย-อังกฤษ)
250    ^aพิมพ์ครั้งที่ 1
260    ^aกรุงเทพฯ :^bบริษัท บีเวล พับลิชชิ่ง จำกัด,^c2560
300    ^a12 หน้า;^b19 ซม.
650    ^aเด็ก^xการเรียนการสอน
945    ^p35^l0^i006274
999    ^aประนอม เกษจรัล
รายการนี้ยังไม่มีแท็ก
คุณยังไม่ได้ล็อกอิน คุณสามารถมีกิจกรรมร่วมกับเว็บไซต์ได้ แต่ต้องล็อกอินก่อน ::
  ล็อกอิน

รายการสื่อสารสนเทศ

ลำดับที่ ประเภท เลขเรียก/บาร์โค้ด สถานที่ สถานะ
1. วิทยาศาสตร์การแพทย์ และสุขภาพ
วิทยาศาสตร์การแพทย์ และสุขภาพ
WS103 ฌ-ค ฉ.1 
  Barcode: 006274
ห้องสมุดวิทยาเขตสวรรค์ประชารักษ์
►หนังสือทั่วไป
บนชั้น

รายการใกล้เคียง
    ผู้แต่ง [เฌอ]

BibComment


ยังไม่เคยถูกคอมเมนท์

คอมเมนท์ทรัพยากรรายการนี้
  คอมเมนท์: คำสอนของพ่อ นิทา..


 Copyright 2026. Bcnsprnw @Library